[Event "2008 Standard Chess Dropout Tournament, Round 1"]
[Site "SchemingMind.com"]
[Date "2007.11.14"]
[Round "1"]
[White "demiurg"]
[Black "flodur"]
[Result "1-0"]
[WhiteCountry "HUN"]
[BlackCountry "AUS"]
[WhiteElo "2281"]
[WhiteRD "74"]
[BlackElo "1973"]
[BlackRD "99"]
[GameID "128746"]

1. e4 e5 2. Nf3 Nf6 3. Nxe5 d6 4. Nxf7 Kxf7 5. d4 c5 6. dxc5 Nc6 7. Bc4+ Be6 8. Bxe6+ Kxe6 9. O-O Kf7 10. Nc3 dxc5
11. Qe2 Qe8 12. Bf4 Qe6 13. e5 Re8 14. Rfe1 Nd5 15. Nxd5 Qxd5 16. c3 Qe6 17. Rad1 h6 18. h4 Be7 19. Rd7 Nd8 20. Red1 Qf5
21. Bh2 h5 22. Qb5 Kg6 23. Bg3 Rhf8 24. Rc7 a6 25. Qb3 b5 26. Ra7 Qe6 27. Qa3 Kh7 28. Qxa6 Qxa6 29. Rxa6 Rf7 30. Rd5 g6
31. a3 b4 32. cxb4 cxb4 33. a4 Kg7 34. Rb6 Rff8 35. a5 Kf7 36. Rd3 Bc5 37. Rd7+ Re7 38. Rf6+ Kg7 39. Rd5 Ne6 40. Rxe6 Bxf2+
41. Bxf2 Rxe6 42. Bc5 Rb8 43. Bd6 Rb7 44. Rc5 Kf7 45. Kf2 b3 46. a6 Ra7 47. Rc6 Re8 48. Bc5 Raa8 49. Rf6+ Kg7 50. Bd4 Rf8
51. Ke3 Rxf6 52. exf6+ Kf7 53. a7 Ke6 54. Kf4 Rc8 55. Kg5 Kf7 56. Be5
1-0

[Event "2008 Standard Chess Dropout Tournament, Round 1"]
[Site "SchemingMind.com"]
[Date "2007.11.16"]
[Round "1"]
[White "dmichael"]
[Black "krueger"]
[Result "1-0"]
[WhiteCountry "USA"]
[BlackCountry "USA"]
[WhiteElo "2413"]
[WhiteRD "81"]
[BlackElo "2051"]
[BlackRD "101"]
[GameID "128747"]

1. c4 c6 2. d4 d5 3. Nf3 Nf6 4. Nc3 e6 5. e3 Nbd7 6. Qc2 Bd6 7. g4 dxc4 8. Bxc4 e5 9. g5 Nd5 10. Bd2 O-O
11. Ne4 Bc7 12. O-O-O exd4 13. Nxd4 Ne5 14. Be2 Bb6 15. h4 Qe7 16. Rhg1 c5 17. Nb5 Kh8 18. h5 Bf5 19. Nbd6 Bxe4 20. Nxe4 c4
21. Kb1 Rfd8 22. h6 g6 23. Bc3 f6 24. Rxd5 Rxd5 25. Bxc4
1-0

[Event "2008 Standard Chess Dropout Tournament, Round 1"]
[Site "SchemingMind.com"]
[Date "2007.11.15"]
[Round "1"]
[White "Dr_Pat"]
[Black "Games Freak"]
[Result "1-0"]
[WhiteCountry "USA"]
[BlackCountry "AUS"]
[WhiteElo "1615"]
[WhiteRD "55"]
[BlackElo "1264"]
[BlackRD "85"]
[GameID "128748"]

1. d4 d5 2. c4 dxc4 3. Nf3 Nc6 4. e3 f6 5. Bxc4 a6 6. Nc3 e5 7. O-O Nge7 8. Qb3 Bg4 9. Bf7+ Kd7 10. dxe5 fxe5
11. Rd1+ Kc8 12. Rxd8+ Kxd8 13. Qxb7 Rb8 14. Qxa6 Rb6 15. Qd3+ Kc8 16. Na4 Rb4 17. Nc5 Ra4 18. Nxa4 Nb4 19. Qc4 Nbc6 20. Qxg4+ Kb7
21. Nc5+ Kb6 22. Qc4 g6 23. a4 h5 24. Qb5+ Ka7 25. Qb7#
1-0

[Event "2008 Standard Chess Dropout Tournament, Round 1"]
[Site "SchemingMind.com"]
[Date "2007.11.14"]
[Round "1"]
[White "Dreadtower"]
[Black "z"]
[Result "1-0"]
[WhiteCountry "ENG"]
[BlackCountry "IRQ"]
[WhiteElo "1866"]
[WhiteRD "103"]
[BlackElo "1788"]
[BlackRD "59"]
[GameID "128749"]

1. e4 e6 2. d4 d5 3. Nc3 dxe4 4. Nxe4 b6 5. Nf3 Bb7 6. Bb5+ c6 7. Bd3 Nf6 8. Qe2 Be7 9. Bf4 O-O 10. O-O-O a5
11. Nxf6+ Bxf6 12. Qe4 g6 13. h4 Qc8 14. Bg5 Bg7 15. h5 f6 16. Bc4 Re8 17. hxg6 c5 18. gxh7+ Kh8 19. Qg6 Nd7 20. Bh6 Bxh6+
21. Qxh6 Be4 22. Nh4 Rf8 23. d5 Ne5 24. f3 Nxc4 25. fxe4 Ne5 26. Rdf1 Qd8 27. dxe6 Ra7 28. Rf5 Rxh7 29. Ng6+
1-0

[Event "2008 Standard Chess Dropout Tournament, Round 1"]
[Site "SchemingMind.com"]
[Date "2007.11.13"]
[Round "1"]
[White "ekulrac"]
[Black "Tanis"]
[Result "0-1"]
[WhiteCountry "SCO"]
[BlackCountry "CHN"]
[WhiteElo "1709"]
[WhiteRD "60"]
[BlackElo "2096"]
[BlackRD "92"]
[GameID "128751"]

1. e4 d5 2. exd5 Nf6 3. Nf3 Qxd5 4. Nc3 Qa5 5. d3 e5 6. Bd2 Nc6 7. Be2 Be7 8. O-O O-O 9. Re1 Rd8 10. Ne4 Qb6
11. Nxf6+ Bxf6 12. Rb1 Be6 13. a3 Ba2 14. Ra1 Qxb2 15. Bg5 Bxg5 16. Nxg5 Nd4
0-1

[Event "2008 Standard Chess Dropout Tournament, Round 1"]
[Site "SchemingMind.com"]
[Date "2007.11.13"]
[Round "1"]
[White "erikbrynolfson"]
[Black "Gordon"]
[Result "0-1"]
[WhiteCountry "USA"]
[BlackCountry "ENG"]
[WhiteElo "1748"]
[WhiteRD "72"]
[BlackElo "2359"]
[BlackRD "77"]
[GameID "128752"]

1. c4 c5 2. Nc3 Nf6 3. Nf3 Nc6 4. g3 b6 5. Bg2 Bb7 6. O-O e6 7. e3 Be7 8. d4 cxd4 9. exd4 d5 10. cxd5 Nxd5
11. Nxd5 exd5 12. Be3 O-O 13. a3 Na5 14. b4 Nc4 15. Nd2 Nxe3 16. fxe3 a5 17. bxa5 Rxa5 18. a4 Qd6 19. Qb3 Rfa8 20. Ra2 Qe6
21. Rfa1 b5 22. Nf1 b4 23. Nd2 Rc8 24. Qd1 Qxe3+ 25. Kh1 Qxd4 26. Qe1 Qf6 27. Rc1 Rxc1 28. Qxc1 Rc5 29. Qb1 Rc3 30. a5 Ba6
31. Bxd5 Re3 32. Qg1 Re2 33. Bg2 b3
0-1

[Event "2008 Standard Chess Dropout Tournament, Round 1"]
[Site "SchemingMind.com"]
[Date "2007.11.14"]
[Round "1"]
[White "fer_even"]
[Black "Malatuso"]
[Result "1-0"]
[WhiteCountry "ARG"]
[BlackCountry "ITA"]
[WhiteElo "2451"]
[WhiteRD "96"]
[BlackElo "1618"]
[BlackRD "58"]
[GameID "128753"]

1. d4 Nf6 2. c4 g6 3. Nc3 d5 4. cxd5 Nxd5 5. e4 Nxc3 6. bxc3 Bg7 7. Nf3 c5 8. Rb1 O-O 9. Be2 cxd4 10. cxd4 Qa5+
11. Qd2 Qxd2+ 12. Bxd2 b6 13. O-O Bb7 14. d5 Rc8 15. Bb4 Kf8 16. d6 Nc6 17. dxe7+ Nxe7 18. e5 Rc2 19. Rfe1 Rac8 20. Rbd1 Ke8
21. Bb5+ Bc6 22. Nd4 Rb2 23. Bxe7 Bxb5 24. Ba3
1-0

[Event "2008 Standard Chess Dropout Tournament, Round 1"]
[Site "SchemingMind.com"]
[Date "2007.11.13"]
[Round "1"]
[White "fishofchaos"]
[Black "Dan Geana"]
[Result "0-1"]
[WhiteCountry "ENG"]
[BlackCountry "ROU"]
[WhiteElo "1780"]
[WhiteRD "68"]
[BlackElo "2265"]
[BlackRD "100"]
[GameID "128754"]

1. d4 Nf6 2. c4 e6 3. Nc3 d5 4. cxd5 exd5 5. Bg5 Be7 6. e3 c6 7. Bd3 Nbd7 8. Qc2 O-O 9. Nge2 Re8 10. O-O Nf8
11. f3 Be6 12. Rad1 Rc8 13. e4 dxe4 14. fxe4 Ng4 15. Bxe7 Qxe7 16. Qd2 Rcd8 17. h3 Nh6 18. Rf3 Ng6 19. Rdf1 Kh8 20. a3 a6
21. b4 f6 22. e5 fxe5 23. Bxg6 hxg6 24. g4 exd4 25. Nxd4 c5 26. bxc5 Qxc5 27. Rf4 Bc4 28. Rd1 Bb3 29. Rc1 g5 30. Re4 Rxe4
0-1

[Event "2008 Standard Chess Dropout Tournament, Round 1"]
[Site "SchemingMind.com"]
[Date "2007.11.14"]
[Round "1"]
[White "fjpv"]
[Black "Silvy"]
[Result "1/2-1/2"]
[WhiteCountry "POR"]
[BlackCountry "ITA"]
[WhiteElo "2309"]
[WhiteRD "84"]
[BlackElo "2240"]
[BlackRD "114"]
[GameID "128755"]

1. e4 c6 2. d4 d5 3. e5 Bf5 4. Nc3 e6 5. Bd3 Ne7 6. Nf3 Nd7 7. O-O Bxd3 8. Qxd3 a6 9. Ne2 c5 10. c4 cxd4
11. Nexd4 Rc8 12. cxd5 Nxd5 13. Rd1 Nc5 14. Qc2 Be7 15. Bd2 O-O 16. a4 a5 17. Nb5 b6 18. Rac1 Qd7 19. Ng5 Bxg5 20. Bxg5 h6
21. Bd2 Rfd8 22. g3 Qe7 23. b3 f6 24. Nd6 Rc7 25. Nb5 Rcc8= 26. f4 f5 27. Qc4 Kh7 28. Nd6 Rc7 29. Qb5 Qd7 30. Bxa5 bxa5
31. Rxc5 Qxb5 32. Rxb5 Nc3 33. Ra1 Nxb5 34. axb5 Rb8 35. Rxa5 Rc1+ 36. Kg2 Rc2+ 37. Kg1 Rb2 38. Ra6 Rxb3 39. Ra7 Rb2=
1/2-1/2

[Event "2008 Standard Chess Dropout Tournament, Round 1"]
[Site "SchemingMind.com"]
[Date "2007.11.13"]
[Round "1"]
[White "FlameViper"]
[Black "GrischukFan"]
[Result "0-1"]
[WhiteCountry "NZL"]
[BlackCountry "GER"]
[WhiteElo "1420"]
[WhiteRD "90"]
[BlackElo "2347"]
[BlackRD "85"]
[GameID "128756"]

1. e4 c5 2. Nf3 d6 3. Nc3 Nc6 4. Bb5 Bd7 5. b3 Nf6 6. d3 e6 7. Bb2 Be7 8. Qd2 O-O 9. h4 d5 10. e5 Ng4
11. g3 Nd4 12. Nxd4 cxd4 13. Bxd7 dxc3 14. Bxc3 Qxd7 15. d4 f6 16. f3 Nh6 17. g4 fxe5 18. dxe5 Rxf3 19. Bb2 Nxg4 20. Bd4 Ba3
21. Qg2 Rf4 22. Qd2 Re4+ 23. Kd1 Qf7 24. h5 Qf3+ 25. Qe2 Qxe2#
0-1

[Event "2008 Standard Chess Dropout Tournament, Round 1"]
[Site "SchemingMind.com"]
[Date "2007.11.13"]
[Round "1"]
[White "flodur"]
[Black "lordek"]
[Result "1-0"]
[WhiteCountry "AUS"]
[BlackCountry "AUS"]
[WhiteElo "1905"]
[WhiteRD "141"]
[BlackElo "1535"]
[BlackRD "151"]
[GameID "128757"]

1. e4 e5 2. Nf3 Nc6 3. Bb5 f5 4. Nc3 fxe4 5. Nxe4 d5 6. Nxe5 dxe4 7. Nxc6 Qg5 8. Qe2 Nf6 9. f4 Qxf4 10. Ne5+ c6
11. d4 Qh4+ 12. g3 Qh3 13. Bc4 Be6 14. Bg5 O-O-O 15. O-O-O h6 16. Bxf6 gxf6 17. Ng6 Rh7 18. Nxf8 Bxc4 19. Qxc4 Rxf8 20. Qc5 Rd8
21. Qxa7 Rhd7 22. a4 e3 23. Rhe1 Qe6 24. Rd3 e2 25. Qa8+ Kc7 26. Qa5+ Kb8 27. Qd2 Qa2 28. Ra3 Qd5 29. Kb1 c5 30. Rxe2 Qxd4
31. Qxd4 Rxd4 32. a5 Rd1+ 33. Ka2 Rc1 34. Kb3 Rc8 35. Kc4 Rd1 36. Rd3 Ra1 37. Kb5 Ka7 38. Rd7 c4 39. Ree7 Rb8 40. Rd6 Rb1
41. Ra6#
1-0

[Event "2008 Standard Chess Dropout Tournament, Round 1"]
[Site "SchemingMind.com"]
[Date "2007.11.13"]
[Round "1"]
[White "fouche"]
[Black "Rimfaxe"]
[Result "0-1"]
[WhiteCountry "COL"]
[BlackCountry "DEN"]
[WhiteElo "1639"]
[WhiteRD "67"]
[BlackElo "1766"]
[BlackRD "99"]
[GameID "128758"]

1. d4 Nf6 2. c4 g6 3. Nf3 Bg7 4. Nc3 d6 5. e3 O-O 6. Be2 Nbd7 7. O-O e5 8. e4 Qe7 9. Bg5 c6 10. Rc1 Re8
11. d5 Nb6 12. h3 Qc7 13. Qd2 Nh5 14. Bh6 f5 15. Bxg7 Kxg7 16. Qg5 Qe7 17. Rfd1 cxd5 18. Nxd5 Nxd5 19. exd5 e4 20. Nh4 Qxg5
0-1

[Event "2008 Standard Chess Dropout Tournament, Round 1"]
[Site "SchemingMind.com"]
[Date "2007.11.18"]
[Round "1"]
[White "fourluxflakes"]
[Black "cnbcad"]
[Result "1-0"]
[WhiteCountry "ENG"]
[BlackCountry "USA"]
[WhiteElo "1931"]
[WhiteRD "68"]
[BlackElo "1503"]
[BlackRD "58"]
[GameID "128759"]

1. e4 e5 2. Bc4 Nf6 3. d3 Bc5 4. Nf3 Nc6 5. c3 d5 6. exd5 Nxd5 7. O-O O-O 8. Re1 Na5 9. Bxd5 Qxd5 10. b4 Bxf2+
11. Kxf2 Bg4 12. bxa5 Rad8 13. Bg5 f6 14. Be3 e4 15. h3 Bh5 16. g4 Bg6 17. Nh4 exd3 18. Nxg6 hxg6 19. Qf3 Qe5 20. Bf4 Qc5+
21. Qe3 Qxa5 22. Nd2 Qxc3 23. Rac1
1-0

[Event "2008 Standard Chess Dropout Tournament, Round 1"]
[Site "SchemingMind.com"]
[Date "2007.11.14"]
[Round "1"]
[White "francisco"]
[Black "bugajakab"]
[Result "0-1"]
[WhiteCountry "ESP"]
[BlackCountry "HUN"]
[WhiteElo "1591"]
[WhiteRD "91"]
[BlackElo "1599"]
[BlackRD "94"]
[GameID "128760"]

1. e4 e5 2. f4 exf4 3. Nf3 g5 4. h4 g4 5. Ne5 Nh6 6. Nxg4 Nc6 7. Bc4 Nxg4 8. Bxf7+ Kxf7 9. Qxg4 Qf6 10. O-O Ke8
11. d3 Bc5+ 12. Kh1 Qg6 13. Rxf4 d6 14. Qe2 Nd4 15. Qd2 Rg8 16. Rf2 Qh5 17. Qf4 Nxc2
0-1

[Event "2008 Standard Chess Dropout Tournament, Round 1"]
[Site "SchemingMind.com"]
[Date "2007.11.13"]
[Round "1"]
[White "Fred Fanelli"]
[Black "David Hartley"]
[Result "0-1"]
[WhiteCountry "USA"]
[BlackCountry "ENG"]
[WhiteElo "1589"]
[WhiteRD "75"]
[BlackElo "1890"]
[BlackRD "80"]
[GameID "128761"]

1. c4 c5 2. Nc3 Nc6 3. Nf3 Nf6 4. d4 cxd4 5. Nxd4 Nxd4 6. Qxd4 g6 7. Bg5 Bg7 8. Qd2 O-O 9. e3 d6 10. Be2 Be6
11. Rc1 Qa5 12. Bf4 Rac8 13. b3 Rfd8 14. h3 d5 15. Nb1 Qxd2+ 16. Nxd2 dxc4 17. Bxc4 b5 18. O-O bxc4 19. Nxc4 Bxc4
0-1

[Event "2008 Standard Chess Dropout Tournament, Round 1"]
[Site "SchemingMind.com"]
[Date "2007.11.13"]
[Round "1"]
[White "Gordon"]
[Black "SpeedRacer"]
[Result "1-0"]
[WhiteCountry "ENG"]
[BlackCountry "USA"]
[WhiteElo "2337"]
[WhiteRD "74"]
[BlackElo "1662"]
[BlackRD "110"]
[GameID "128764"]

1. e4 c5 2. Nf3 d6 3. d4 cxd4 4. Nxd4 Nf6 5. Nc3 a6 6. Be3 e6 7. f3 b5 8. Qd2 Nbd7 9. O-O-O h5 10. Kb1 Bb7
11. Bd3 Nc5 12. h3 Be7 13. g4 Nfd7 14. Rhg1 b4 15. Nce2 a5 16. gxh5 Bf6 17. h6 g6 18. Bb5 Qb6 19. h4 e5 20. Bxd7+ Kxd7
21. Nb3 Nxb3 22. cxb3 Qa6 23. h5 gxh5 24. Ng3 h4 25. Nf5 Be7 26. Nxe7 Kxe7 27. Bc5 Rad8 28. Qg5+ f6 29. Qg7+ Ke6 30. Bxd6 Rxd6
31. Qxh8 Kd7 32. Rg7+ Kc6 33. Rxd6+ Kxd6 34. Qd8+ Kc6 35. Qxf6+ Kc5 36. Qxe5+ Kb6 37. Qd4+ Kb5 38. Rg5+ Kc6 39. Rc5+ Kb6 40. Rc1+ Kb5
41. Qc5#
1-0

[Event "2008 Standard Chess Dropout Tournament, Round 1"]
[Site "SchemingMind.com"]
[Date "2007.11.18"]
[Round "1"]
[White "GrischukFan"]
[Black "Mitchell-in"]
[Result "1-0"]
[WhiteCountry "GER"]
[BlackCountry "ENG"]
[WhiteElo "2347"]
[WhiteRD "85"]
[BlackElo "1688"]
[BlackRD "69"]
[GameID "128765"]

1. e4 e5 2. Nf3 Nc6 3. Bb5 a6 4. Bxc6 dxc6 5. O-O f6 6. d4 exd4 7. Nxd4 c5 8. Ne2 Qxd1 9. Rxd1 Bd7 10. Nbc3 O-O-O
11. Bf4 Ne7 12. Bg3 Nc6 13. Nd5 Bd6 14. Bxd6 cxd6 15. Ne3 Kc7 16. Rd2 Rhe8 17. f3 g5 18. Nd5+ Kb8 19. Nxf6
1-0

[Event "2008 Standard Chess Dropout Tournament, Round 1"]
[Site "SchemingMind.com"]
[Date "2007.11.13"]
[Round "1"]
[White "HanadaNo3"]
[Black "keen"]
[Result "1-0"]
[WhiteCountry "USA"]
[BlackCountry "SCO"]
[WhiteElo "2402"]
[WhiteRD "75"]
[BlackElo "1800"]
[BlackRD "66"]
[GameID "128766"]

1. e4 e5 2. Nf3 Nc6 3. Bb5 a6 4. Ba4 Nf6 5. O-O Be7 6. Qe2 O-O 7. Bxc6 dxc6 8. Nxe5 Bd6 9. Nf3 Bg4 10. d4 Bb4
11. h3 Bh5 12. a3 Ba5 13. e5 Re8 14. c4 h6 15. Be3 Nh7 16. g4 Bg6 17. c5 Be4 18. b4 Qd5 19. Nbd2 Ng5 20. Bxg5 hxg5
21. Nxe4 f5 22. gxf5 Rad8 23. Nfxg5
1-0

[Event "2008 Standard Chess Dropout Tournament, Round 1"]
[Site "SchemingMind.com"]
[Date "2007.11.14"]
[Round "1"]
[White "harsh"]
[Black "francisco"]
[Result "1-0"]
[WhiteCountry "IND"]
[BlackCountry "ESP"]
[WhiteElo "1968"]
[WhiteRD "87"]
[BlackElo "1591"]
[BlackRD "91"]
[GameID "128768"]

1. e4 e6 2. d4 d5 3. Nc3 Bb4 4. e5 c5 5. a3 Bxc3+ 6. bxc3 Ne7 7. Qg4 Nf5 8. Bd3 h5 9. Qf4 c4 10. Bxf5 exf5
11. Nf3 Nc6 12. Qg3 g6 13. Nh4 Be6 14. Rb1 Qe7 15. O-O O-O-O 16. Bg5
1-0

[Event "2008 Standard Chess Dropout Tournament, Round 1"]
[Site "SchemingMind.com"]
[Date "2007.11.13"]
[Round "1"]
[White "Hawkmanzz"]
[Black "BlueMooner"]
[Result "1-0"]
[WhiteCountry "USA"]
[BlackCountry "ENG"]
[WhiteElo "2120"]
[WhiteRD "103"]
[BlackElo "1793"]
[BlackRD "83"]
[GameID "128769"]

1. e4 c5 2. Nc3 Nc6 3. Nf3 g6 4. d4 cxd4 5. Nxd4 Bg7 6. Bc4 Bxd4 7. O-O Bxc3 8. bxc3 d6 9. Rb1 Nf6 10. Re1 Qa5
11. Bd2 O-O 12. Rb5 Qc7 13. Bd3 a6 14. Rb2 b5 15. c4 Ne5 16. cxb5 Nxd3 17. cxd3 axb5 18. Bh6 Rd8 19. Qe2 Be6 20. Rc1 Qd7
21. Rcb1 Rdc8 22. h3 Qc6 23. Rc1 Qa6 24. Rcb1 Ra7 25. Rxb5 Qxa2 26. R5b2 Qa5 27. Bd2 Qh5 28. f3 Rac7 29. d4 d5 30. Bf4 Rc4
31. e5 Ne8 32. Be3 f6 33. exf6 Nxf6 34. Bd2 Kf7 35. Rb6 R8c6 36. Qe3 Qh4 37. Be1 Rxb6 38. Rxb6 Qxd4 39. Rxe6 Qxe3+ 40. Rxe3
1-0

[Event "2008 Standard Chess Dropout Tournament, Round 1"]
[Site "SchemingMind.com"]
[Date "2007.11.14"]
[Round "1"]
[White "hessonchess"]
[Black "demiurg"]
[Result "0-1"]
[WhiteCountry "USA"]
[BlackCountry "HUN"]
[WhiteElo "1498"]
[WhiteRD "85"]
[BlackElo "2294"]
[BlackRD "70"]
[GameID "128770"]

1. f4 e5 2. fxe5 d6 3. exd6 Bxd6 4. Nf3 Nf6 5. d4 O-O 6. Qd3 Nc6 7. e4 Nxe4 8. Be2 Bf5 9. Qb5 Qd7 10. Be3 a6
11. Qb3 Na5 12. Qd3 Bb4+ 13. Kf1 Ng3+ 14. hxg3 Bxd3 15. Bxd3 h6 16. a3 Bd6 17. Nc3 Rae8 18. Ne5 Bxe5 19. dxe5 Rxe5 20. Bf4 Re7
21. Nd5 Qxd5
0-1

[Event "2008 Standard Chess Dropout Tournament, Round 1"]
[Site "SchemingMind.com"]
[Date "2007.11.18"]
[Round "1"]
[White "heuschrecke"]
[Black "echecs"]
[Result "1-0"]
[WhiteCountry "GER"]
[BlackCountry "ENG"]
[WhiteElo "2414"]
[WhiteRD "96"]
[BlackElo "1743"]
[BlackRD "66"]
[GameID "128771"]

1. Nf3 Nf6 2. d4 e6 3. c4 Bb4+ 4. Bd2 a5 5. g3 Qe7 6. Bg2 Ne4 7. O-O Bxd2 8. Nfxd2 d5 9. Nxe4 dxe4 10. Bxe4 O-O
11. Nc3 Qb4 12. Qd3 f5 13. Bg2 c6 14. e4 Qxb2 15. exf5 exf5 16. c5 Na6 17. Rfb1 Nb4 18. Qc4+
1-0

[Event "2008 Standard Chess Dropout Tournament, Round 1"]
[Site "SchemingMind.com"]
[Date "2007.11.13"]
[Round "1"]
[White "JasonY1982"]
[Black "Blackheart"]
[Result "1-0"]
[WhiteCountry "USA"]
[BlackCountry "NED"]
[WhiteElo "1955"]
[WhiteRD "64"]
[BlackElo "1243"]
[BlackRD "170"]
[GameID "128773"]

1. e4 c5 2. Nf3 d6 3. d4 cxd4 4. Nxd4 g6 5. c4 Bg7 6. Be3 Nf6 7. Nc3 O-O 8. Be2 Bd7 9. O-O Nc6 10. Qd2 Rc8
11. f3 Ne5 12. b3 Qa5 13. Rac1 a6 14. Nd5
1-0

[Event "2008 Standard Chess Dropout Tournament, Round 1"]
[Site "SchemingMind.com"]
[Date "2007.11.13"]
[Round "1"]
[White "jdcald13"]
[Black "Hawkmanzz"]
[Result "0-1"]
[WhiteCountry "USA"]
[BlackCountry "USA"]
[WhiteElo "1931"]
[WhiteRD "46"]
[BlackElo "2108"]
[BlackRD "96"]
[GameID "128775"]

1. Nf3 d5 2. g3 Nf6 3. Bg2 c5 4. O-O e6 5. d3 Nc6 6. Nbd2 Be7 7. e4 O-O 8. Re1 dxe4 9. dxe4 e5 10. c3 Qc7
11. Nf1 Rd8 12. Qc2 Be6 13. Ng5 Bc4 14. Ne3 Bd3 15. Qb3 Bf8 16. Nd5 Nxd5 17. exd5 c4 18. Qd1 Ne7 19. f4 exf4 20. Bxf4 Qb6+
21. Kh1 Nxd5 22. b3 h6 23. bxc4 Nxf4 24. c5 Qxc5 25. gxf4 hxg5
0-1

[Event "2008 Standard Chess Dropout Tournament, Round 1"]
[Site "SchemingMind.com"]
[Date "2007.11.13"]
[Round "1"]
[White "Jochen"]
[Black "Rennxx"]
[Result "0-1"]
[WhiteCountry "GBR"]
[BlackCountry "HKG"]
[WhiteElo "1263"]
[WhiteRD "103"]
[BlackElo "1917"]
[BlackRD "91"]
[GameID "128776"]

1. Nf3 d5 2. Ne5 f6 3. Nd3 e5 4. g3 Nh6 5. Nc3 d4 6. Ne4 f5 7. Nec5 Qd5 8. Rg1 Bxc5 9. Bh3 Be7 10. e4 Qxe4+
11. Qe2 Nc6 12. Qxe4 fxe4 13. Nf4 exf4 14. Bg2 f3 15. Bh3 Bxh3 16. b3 Ng4 17. a3 d3 18. cxd3 Nxf2
0-1

[Event "2008 Standard Chess Dropout Tournament, Round 1"]
[Site "SchemingMind.com"]
[Date "2007.11.13"]
[Round "1"]
[White "joralx3"]
[Black "nic_car"]
[Result "1-0"]
[WhiteCountry "ARG"]
[BlackCountry "ITA"]
[WhiteElo "2339"]
[WhiteRD "112"]
[BlackElo "2042"]
[BlackRD "86"]
[GameID "128778"]

1. e4 c5 2. Nf3 d6 3. d4 cxd4 4. Nxd4 Nf6 5. Nc3 a6 6. Be3 e5 7. Nb3 Be6 8. f3 Nbd7 9. Qd2 b5 10. O-O-O Be7
11. g4 O-O 12. g5 b4 13. gxf6 bxc3 14. Qxc3 Nxf6 15. Na5 d5 16. Nc6 Qc7 17. Nxe7+ Qxe7 18. Qxe5 dxe4 19. Bc5 Qb7 20. Rg1 Kh8
21. Rxg7
1-0

[Event "2008 Standard Chess Dropout Tournament, Round 1"]
[Site "SchemingMind.com"]
[Date "2007.11.18"]
[Round "1"]
[White "JPT"]
[Black "Apocalypse"]
[Result "0-1"]
[WhiteCountry "INT"]
[BlackCountry "USA"]
[WhiteElo "1725"]
[WhiteRD "80"]
[BlackElo "2223"]
[BlackRD "77"]
[GameID "128779"]

1. e4 e5 2. Bb5 a6 3. Ba4 Nf6 4. d3 c6 5. Nc3 Bc5 6. f4 d6 7. Nf3 a5 8. a3 Be6 9. f5 Bc8 10. Ne2 b5
11. Bb3 O-O 12. Bd2 Ng4 13. Qc1 d5 14. Bg5 Qb6 15. h3 Ne3 16. Bxe3 Bxe3 17. Qd1 Nd7 18. exd5 Nc5 19. Ba2 Re8 20. Ng3 Bf2+
21. Kd2 Bxg3 22. Kc1 b4 23. Kb1 bxa3 24. b3 Na4 25. Qd2 Bf4 26. Qe1 e4 27. Nd2 Qd4
0-1

[Event "2008 Standard Chess Dropout Tournament, Round 1"]
[Site "SchemingMind.com"]
[Date "2007.11.14"]
[Round "1"]
[White "jtrochez1"]
[Black "Zugzwang"]
[Result "1-0"]
[WhiteCountry "HON"]
[BlackCountry "CAN"]
[WhiteElo "1500"]
[WhiteRD "47"]
[BlackElo "1416"]
[BlackRD "62"]
[GameID "128780"]

1. e4 e5 2. Bc4 Nc6 3. Nf3 Nf6 4. d3 Be7 5. Nc3 d6 6. h3 O-O 7. a3 Nd4 8. Be3 c5 9. Nd5 a6 10. Nxe7+ Qxe7
11. Qd2 b5 12. Ba2 Kh8 13. c3 Ne6 14. Nh4 Nxe4 15. dxe4 Qxh4 16. Bd5 Rb8 17. g3 Qf6 18. O-O-O a5 19. f4 a4 20. f5 Nc7
21. Bg5 Qxg5 22. Qxg5 f6 23. Qd2 c4 24. g4 g5 25. fxg6
1-0

[Event "2008 Standard Chess Dropout Tournament, Round 1"]
[Site "SchemingMind.com"]
[Date "2007.11.13"]
[Round "1"]
[White "K Gib"]
[Black "fjpv"]
[Result "0-1"]
[WhiteCountry "CAN"]
[BlackCountry "POR"]
[WhiteElo "1530"]
[WhiteRD "161"]
[BlackElo "2264"]
[BlackRD "92"]
[GameID "128781"]

1. c4 e5 2. Nc3 Nf6 3. e4 Nc6 4. Nf3 Bb4 5. d3 O-O 6. Be2 d6 7. Nh4 Nxe4 8. dxe4 Qxh4 9. g3 Bxc3+ 10. bxc3 Qxe4
11. Be3 Qxh1+ 12. Bf1 Be6 13. Qd3 Na5 14. Kd2 Nxc4+ 15. Ke2 Na3 16. Rc1 Bc4
0-1

[Event "2008 Standard Chess Dropout Tournament, Round 1"]
[Site "SchemingMind.com"]
[Date "2007.11.14"]
[Round "1"]
[White "KaliYuga"]
[Black "marble"]
[Result "1-0"]
[WhiteCountry "IRL"]
[BlackCountry "ENG"]
[WhiteElo "1841"]
[WhiteRD "82"]
[BlackElo "1664"]
[BlackRD "60"]
[GameID "128782"]

1. d4 e6 2. c4 f5 3. Nc3 Nf6 4. Bg5 Be7 5. e3 Nc6 6. a3 d5 7. Bd3 dxc4 8. Bxc4 a6 9. Nf3 h6 10. Bh4 g5
11. Bg3 Bd6 12. O-O Bxg3 13. hxg3 Qd6 14. Re1 Na5 15. Bd3 Bd7 16. b4 Nc6 17. e4 fxe4 18. Nxe4 Nxe4 19. Bxe4 O-O-O 20. Qd2 g4
21. Bxc6 gxf3 22. Bxf3 e5 23. Rxe5 Rdf8 24. Rc1 Rf5 25. Qe3 Rxe5 26. dxe5 Qg6 27. Qc3 Bc6 28. Bxc6 bxc6 29. Qxc6 Qxc6 30. Rxc6 Kb7
31. Rc3 Rd8 32. f4 Kc8 33. Kh2 Rd1 34. f5 h5 35. f6 Kd8 36. e6
1-0

[Event "2008 Standard Chess Dropout Tournament, Round 1"]
[Site "SchemingMind.com"]
[Date "2007.11.13"]
[Round "1"]
[White "Steven DuCharme"]
[Black "joralx3"]
[Result "0-1"]
[WhiteCountry "USA"]
[BlackCountry "ARG"]
[WhiteElo "1639"]
[WhiteRD "66"]
[BlackElo "2339"]
[BlackRD "112"]
[GameID "128784"]

1. d4 Nf6 2. Bg5 e6 3. e4 h6 4. Bxf6 Qxf6 5. e5 Qd8 6. c4 c5 7. Nf3 cxd4 8. Nxd4 Qa5+ 9. Qd2 Qxe5+ 10. Be2 Nc6
11. Nf3 Qd6 12. O-O Qxd2 13. Nbxd2 g5 14. h3 b6 15. a3 Bg7 16. Rab1 f5 17. b4 O-O 18. Rfd1 g4 19. Ne1 Nd4 20. Bd3 gxh3
21. gxh3 Bb7 22. Nb3 Nf3+ 23. Nxf3 Bxf3 24. Re1 Rf6 25. Re3 Rg6+ 26. Kf1 Bg2+ 27. Ke2 Bf6 28. Rg1 Rg7 29. Rg3 Rxg3 30. fxg3 Bxh3
31. Kf3 Bg4+ 32. Kf4 a5 33. bxa5 bxa5 34. Rh1 a4 35. Nc5 Ra5 36. Nxd7 Bg5#
0-1

[Event "2008 Standard Chess Dropout Tournament, Round 1"]
[Site "SchemingMind.com"]
[Date "2007.11.13"]
[Round "1"]
[White "king3012"]
[Black "JPT"]
[Result "1-0"]
[WhiteCountry "AUT"]
[BlackCountry "INT"]
[WhiteElo "2345"]
[WhiteRD "110"]
[BlackElo "1703"]
[BlackRD "80"]
[GameID "128785"]

1. c4 g5 2. e3 Bg7 3. h4 gxh4 4. Nc3 e5 5. Nf3 h3 6. Rxh3 Ne7 7. Rg3 Ng6 8. Be2 Nc6 9. c5 a6 10. Qb3 Nce7
11. Ng5 O-O 12. Bc4 Qe8 13. Rf3 d5 14. Nxd5 Nxd5 15. Bxd5 c6 16. Bxf7+ Rxf7 17. Rxf7 Kh8 18. Rxb7 Bxb7 19. Nf7+
1-0